00737nam a2200193 i 450000100060000000300090000600500170001500700030003200800410003510000320007624501260010826000340023430000400026870000270030870000370033585200320037299900170040495201220042190361ES-MaACL20230906180424.0t|050120s1966 sp ||||1| spa d1 aLe Bourg, Dominique.97084213aEl arte de ser amada / cDominique Le Bourg ; ilustraciones de Pierre Simon ; [versión... por Cecilia de La Valière]. aMadrid : bCastilla, c[1966] a112 p., 1 lám. : bil. ; c18 cm.1 aSimon, Pierre.91065321 aLa Valière, Cecilia de.969188 aES-MaACLjC-31161 bR.61407 c90361d90361 00104070aATENEOMbATENEOMcDEPO2d2008-01-17eSCl0oC-31161p1094359r2023-02-23 00:00:00w2023-02-23yMONOGRAFIA